=LDR 00000nam 2200000 4500 =001 INLIS000000000038674 =005 20130612144333 =008 ***********************************Ind** =035 ##$$0010-061300000038674 =041 ##$$a Ind =082 ##$$a 641.86 =090 ##$$a 641.86, Emi a =100 ##$$a Emir, Threes =245 ##$$a Aneka pie untuk snack dan bekal praktis, Threes Emir; Editor, Intarina Hardiman =300 ##$$a 47 hlm, Ilus, 23 cm =650 ##$$a Kue Pie =850 ##$$a NBPNMAT =990 ##$$a 0001/BPAP-NTB/20142014 =990 ##$$a 0001/BPAP-NTB/20142015